私的一話のタイトルからアニメ当てクイズ - Statistics

General Stats
  • This quiz has been taken 15 times
  • The average score is 12 of 32
Answer Stats
第一話のタイトル アニメ % Correct
伝統ある古典部の再生 氷菓
100%
俺の妹が再び帰ってくるわけがない 俺の妹がこんなに可愛いわけがない
88%
この自称女神と異世界転生を! この素晴らしい世界に祝福を!
88%
先輩はバニーガール 青春ブタ野郎はバニーガール先輩の夢を見ない
75%
超平和バスターズ あの日見た花の名前を僕達はまだ知らない。
63%
新たなるドラゴン、イルル!(またよろしくお願いします) 小林さんちのメイドラゴンS
63%
高3! けいおん!!
50%
鬼隠し編 其の壱 ハジマリ ひぐらしのなく頃に
50%
青春しゃくまんえん 宇宙よりも遠い場所
50%
邂逅の...邪王真目 中二病でも恋がしたい!
38%
素人《 ビギナー》 ノーゲーム・ノーライフ
38%
電撃使い(エレクトロマスター) とある科学の超電磁砲
38%
まひろとイケないカラダ お兄ちゃんはおしまい!
38%
食文化研究部へようこそ 日々は過ぎれど飯うまし
38%
転校生がきた のんのんびより
38%
夢の中で逢った、ような... 魔法少女まどか☆マギカ
38%
えがいてあそぼ GA 芸術科アートデザインクラス
38%
いぬをしのびてさくらさく キルミーベイベー
25%
もにょっとした気持ち 私に天使が舞い降りた!
25%
笑顔とフラッシュがやかましい これが私の自称姉です ご注文はうさぎですか??
25%
つっぱしる女 らき☆すた
25%
とくぎは、かかしです。 ひなこのーと
25%
間違いだらけのプロローグ 冴えない彼女の育てかた
25%
始まりと終わりのプロローグ STEINS;GATE
25%
少年の壮大なる冒険が始まると思ってたら...え、どういうことだよこれ...。 通常攻撃が全体攻撃で二回攻撃のお母さんは好きですか?
13%
高校生になりました ゆゆ式
13%
ゲーム ぼくらの
13%
君と運命の出会い。 君は冥土様。
13%
年越しそば 衛宮さんちの今日のごはん
13%
Easy does it リコリス・リコイル
13%
次、どこ行こうか ゆるキャン△SEASON3
13%
はじまり がっこうぐらし!
0%
No matching quizzes found
Score Distribution
Percent of People with Each Score
Percentile by Number Answered
Your Score History
You have not taken this quiz